000 00451nmm a2200157Ia 4500
008 251105s9999||||xx |||||||||||||||||und||
020 _a9788431527273
041 _aspa
100 _aFutthark, Run
245 0 _aLos templarios :
_b Monjes y caballeros de la luz
264 _a[Madrid, España] :
_bDe Vecchi,
_c2012
300 _a0 páginas
650 _aHistory (General)
856 _uhttps://public.digitaliapublishing.com/a/31120
942 _cCF
999 _c81135
_d81135